Random Persona 5 Trivia - Statistics

General Stats
  • This quiz has been taken 36 times
  • The average score is 8 of 19
Answer Stats
Hint Answer % Correct
How many palacesAre there? 9
97%
What was theWord that gave Away Akechi? Panckakes
97%
How many membersAre in the Phantom Thieves? 10
77%
How many member’s of the PhantomThieves have had a parent die? 5
74%
What is the name of the twin wardens fused? Lavenza
74%
What is the cafe theprotagonist lives in? Leblanc
65%
Who is the last boss? Maruki
65%
What is Yusuke’s nickname? Inari
58%
What song playswhen you get ambushed? Last Surprise
55%
What song plays during the Shido fight? Rivers in the Desert
48%
What type of will seed does Shido have? Pride
39%
what song plays in Shido’s palace? Ark
16%
Where is the velvet room located? Mementos
13%
What was Mr. Okumera’s palace? Sweat Shop
10%
How many floors are there in Mementos? 70
6%
What stats does theblue couch give? Courage
6%
How many personas are there? 232
0%
What is the protagonist’s firstpersona he gets? Arsane
0%
What’s the name of the twinwardens fused together? Lavendsa
0%
No matching quizzes found
Score Distribution
Percent of People with Each Score
Percentile by Number Answered
Your Score History
You have not taken this quiz